Score 0/10 Timer 05:00
0 Plays Today
% Correct
Elendil
84%
Haldir
82%
Celebrian
69.1%
Cirdan
64.7%
Bergil
64.4%
Finarfin
63.6%
Erestor
62.5%
Minalcar
48%
Orophin
46.8%
Narmacil
35.8%
Remove Ads.
Support Sporcle.
Get the best of Sporcle when you Go Orange. This ad-free experience offers more features, more stats, and more fun while also helping to support Sporcle. Thank you for becoming a member.

You're not logged in!

Compare scores with friends on all Sporcle quizzes.
OR
Log In

Show Comments

Extras

Top Quizzes Today


Score Distribution

Your Account Isn't Verified!

In order to create a playlist on Sporcle, you need to verify the email address you used during registration. Go to your Sporcle Settings to finish the process.

Report this User

Report this user for behavior that violates our Community Guidelines.

Details: